[Event "PRO League Group Stage"]
[Site "chess.com INT"]
[Date "2019.03.13"]
[Round "10"]
[White "Smirnov, Anton"]
[Black "Mikhalevski, Victor"]
[Result "1-0"]
[WhiteTitle "GM"]
[BlackTitle "GM"]
[WhiteElo "2569"]
[BlackElo "2581"]
[WhiteTeam "Australia Kangaroos"]
[BlackTeam "Seattle Sluggers"]
[WhiteFideId "3208923"]
[BlackFideId "2801914"]
[EventDate "2019.01.08"]

1. e4 e5 2. Nf3 Nc6 3. Bb5 a6 4. Bxc6 dxc6 5. O-O f6 6. d4 Bg4 7. dxe5 Qxd1 8.
Rxd1 fxe5 9. Rd3 Bd6 10. Nbd2 Nf6 11. Nc4 Nxe4 12. Nfxe5 Bxe5 13. Nxe5 Be6 14.
f3 Nf6 15. Bg5 O-O 16. Bxf6 Rxf6 17. Rad1 Re8 18. Rd8 Rff8 19. Rxe8 Rxe8 20. f4
a5 21. a3 c5 22. Kf2 Rf8 23. Ke3 Re8 24. g3 Kf8 25. Ke4 b6 26. f5 Bc8 27. Kf4
Ke7 28. g4 Kf8 29. h4 Kg8 30. Nc6 Bb7 31. Ne5 Bc8 32. c3 Kh8 33. Rd8 Rxd8 34.
Nf7+ Kg8 35. Nxd8 h6 36. Ke5 Ba6 37. g5 hxg5 38. hxg5 Bd3 39. Ne6 c6 40. Nd8 Kf8
41. Nxc6 Ke8 42. f6 Bb5 43. fxg7 Kf7 44. Kd6 Ba4 45. Kc7 b5 46. Nxa5 c4 47. Kb6
Kxg7 48. Kc5 Kg6 49. Kb4 Kxg5 50. Nxc4 1-0

[Event "PRO League Group Stage"]
[Site "chess.com INT"]
[Date "2019.03.13"]
[Round "10"]
[White "Margvelashvili, Giorgi"]
[Black "Fernandez, Daniel Howard"]
[Result "0-1"]
[WhiteTitle "GM"]
[BlackTitle "GM"]
[WhiteElo "2530"]
[BlackElo "2465"]
[WhiteTeam "Seattle Sluggers"]
[BlackTeam "Australia Kangaroos"]
[WhiteFideId "13602926"]
[BlackFideId "5801605"]
[EventDate "2019.01.08"]

1. Nf3 d6 2. d4 g6 3. c4 Bg7 4. Nc3 e5 5. e4 Nc6 6. Bg5 Bf6 7. Be3 Bg4 8. dxe5
dxe5 9. Nd5 Bxf3 10. Qxf3 Nd4 11. Bxd4 exd4 12. Qf4 Rc8 13. Rd1 Bg7 14. Qd2 c6
15. Nb4 Qe7 16. Bd3 Nf6 17. O-O O-O 18. Rde1 Ng4 19. Nc2 b6 20. h3 Ne5 21. f4
Nd7 22. e5 Rcd8 23. Kh1 Nc5 24. Re2 a5 25. Ne1 f6 26. Nf3 fxe5 27. fxe5 Ne6 28.
Be4 Nf4 29. Ree1 Nh5 30. Qf2 d3 31. Bxc6 d2 32. Rd1 Bxe5 33. Bd5+ Kg7 34. Rxd2
Ng3+ 35. Kg1 Nxf1 36. Qxf1 Bd6 37. Re2 Qf6 38. b3 Rde8 39. Qe1 Rxe2 40. Qxe2
Qa1+ 41. Kf2 Qd4+ 42. Kf1 Bc5 43. Ke1 Qa1+ 44. Kd2 Bb4+ 45. Ke3 Re8+ 46. Be4
Bc5+ 47. Kf4 Bd6+ 48. Ke3 Qc1+ 49. Nd2 Bb4 0-1

[Event "PRO League Group Stage"]
[Site "chess.com INT"]
[Date "2019.03.13"]
[Round "10"]
[White "Song, Raymond"]
[Black "Mayer, Jacob"]
[Result "1-0"]
[WhiteTitle "FM"]
[WhiteElo "2329"]
[BlackElo "1737"]
[WhiteTeam "Australia Kangaroos"]
[BlackTeam "Seattle Sluggers"]
[WhiteFideId "3203824"]
[BlackFideId "30925002"]
[EventDate "2019.01.08"]

1. d4 Nf6 2. Bg5 g6 3. Bxf6 exf6 4. e3 Bg7 5. g3 O-O 6. Bg2 d5 7. Ne2 Bg4 8. h3
Bd7 9. Bxd5 Bc6 10. Bxc6 Nxc6 11. O-O Ne7 12. c4 c6 13. Nbc3 f5 14. Qb3 Rb8 15.
Rfd1 Qc8 16. Kg2 Qe6 17. Nf4 Qc8 18. Qa3 Qc7 19. Qxa7 Ra8 20. Qc5 b6 21. Qb4 g5
22. Nh5 Ng6 23. Nxg7 Kxg7 24. c5 b5 25. d5 f4 26. d6 Qd8 27. Qd4+ Kg8 28. exf4
gxf4 29. d7 fxg3 30. fxg3 Qc7 31. Qd6 Qa5 32. h4 Qb4 33. Rd2 Rad8 34. h5 Nh4+
35. gxh4 f6 36. Kh3 Kf7 37. Re1 f5 38. Re7+ Kg8 39. Rg2+ 1-0

[Event "PRO League Group Stage"]
[Site "chess.com INT"]
[Date "2019.03.13"]
[Round "10"]
[White "Brown, Michael William"]
[Black "Xiong, Jeffery"]
[Result "1/2-1/2"]
[WhiteTitle "IM"]
[BlackTitle "GM"]
[WhiteElo "2524"]
[BlackElo "2672"]
[WhiteTeam "San Diego Surfers"]
[BlackTeam "Dallas Destiny"]
[WhiteFideId "2037602"]
[BlackFideId "2047640"]
[EventDate "2019.01.08"]

1. d4 Nf6 2. c4 e6 3. Nf3 d5 4. e3 dxc4 5. Bxc4 a6 6. O-O c5 7. a4 cxd4 8. exd4
Nc6 9. Nc3 Nb4 10. Qe2 Be7 11. Bg5 O-O 12. Rad1 Bd7 13. d5 exd5 14. Nxd5 Nbxd5
15. Bxd5 Nxd5 16. Rxd5 Bxg5 17. Nxg5 h6 18. Rfd1 hxg5 19. Rxd7 Qb6 20. Qd2 Rac8
21. h3 Rc4 22. Qxg5 Rc2 23. Qf5 Rxb2 24. R1d6 Qb4 25. Rd8 Re2 26. R6d7 Re7 27.
Rxf8+ Kxf8 28. Rd8+ Re8 29. Rd7 Re7 30. Rd8+ Re8 31. Rd7 Re7 32. Rd8+ 1/2-1/2

[Event "PRO League Group Stage"]
[Site "chess.com INT"]
[Date "2019.03.13"]
[Round "10"]
[White "Holt, Conrad"]
[Black "Bryant, John Daniel"]
[Result "1-0"]
[WhiteTitle "GM"]
[BlackTitle "IM"]
[WhiteElo "2548"]
[BlackElo "2449"]
[WhiteTeam "Dallas Destiny"]
[BlackTeam "San Diego Surfers"]
[WhiteFideId "2034387"]
[BlackFideId "2031280"]
[EventDate "2019.01.08"]

1. d4 d5 2. c4 e6 3. Nc3 Be7 4. Nf3 Nf6 5. Bf4 O-O 6. e3 Nbd7 7. c5 Ne4 8. Qc2
f5 9. h4 c6 10. Be2 Re8 11. Ne5 Bf6 12. Nxe4 fxe4 13. Ng4 e5 14. Nxf6+ Qxf6 15.
Bg5 Qf8 16. h5 b6 17. h6 g6 18. b4 a5 19. O-O exd4 20. exd4 axb4 21. cxb6 Nxb6
22. Qxc6 Re6 23. Qc7 Qf7 24. Qc5 Ba6 25. Bxa6 Rxa6 26. Rfb1 Ra8 27. Rxb4 Rc8 28.
Qa5 Ra8 29. Qb5 Rf8 30. Rf1 Qf5 31. Be3 g5 32. Rc1 Nc4 33. Qd7 Qf7 34. Qxf7+
Kxf7 35. Bxg5 Kg6 36. Bh4 Ra8 37. Rb5 e3 38. fxe3 Nxe3 39. Re1 Rxa2 40. Bf2 Rxf2
41. Kxf2 Ng4+ 42. Kf1 Nh2+ 43. Kf2 Ng4+ 44. Kf1 Nh2+ 45. Kg1 Rxe1+ 46. Kxh2 Kxh6
47. Rxd5 Re3 48. Kg1 Kg6 49. Kf2 Ra3 50. Re5 Rd3 51. Re4 Kf5 52. Rh4 Kg6 53. g3
h5 54. Rf4 Kg5 55. Kg2 Kg6 56. Kh3 Kg5 57. Re4 Rd1 58. Re5+ Kg6 59. Rd5 Kh6 60.
Kg2 Rd3 61. Kf2 Kg6 62. Kg2 Kh6 63. Rd6+ Kg5 64. Kh3 Rd1 65. Rd8 Rh1+ 66. Kg2
Rd1 67. Kf2 Kf6 68. Ke2 Rg1 69. Kf3 Rf1+ 70. Ke4 Rg1 71. Rf8+ Ke7 72. Rf3 Kd6
73. Ra3 Re1+ 74. Kf4 Kd5 75. Ra5+ Kxd4 76. Rxh5 Rf1+ 77. Kg5 Ke5 78. Kg6+ Ke6
79. g4 Rf6+ 80. Kg5 Rf1 81. Rh7 Ra1 82. Kg6 Ra5 83. g5 Ra1 84. Rh2 Re1 85. Kg7
Ke7 86. g6 Re3 87. Kg8 Rg3 88. g7 Kf6 89. Kf8 Rc3 90. Rf2+ 1-0

[Event "PRO League Group Stage"]
[Site "chess.com INT"]
[Date "2019.03.13"]
[Round "10"]
[White "Hilby, Craig"]
[Black "Preotu, Razvan"]
[Result "1-0"]
[WhiteTitle "IM"]
[BlackTitle "GM"]
[WhiteElo "2445"]
[BlackElo "2524"]
[WhiteTeam "San Diego Surfers"]
[BlackTeam "Dallas Destiny"]
[WhiteFideId "2062674"]
[BlackFideId "2613280"]
[EventDate "2019.01.08"]

1. d4 Nf6 2. c4 e6 3. Nf3 b6 4. g3 Ba6 5. Qc2 Bb7 6. Bg2 c5 7. d5 exd5 8. cxd5
Nxd5 9. O-O Be7 10. Rd1 Nc6 11. Qa4 Nf6 12. Nc3 O-O 13. g4 d6 14. g5 Nd7 15. Bf4
Qb8 16. Nd5 Nde5 17. Bxe5 dxe5 18. Qxc6 Bxc6 19. Nxe7+ Kh8 20. Nxc6 Qc7 21.
Nfxe5 Qe7 22. Nxe7 1-0

[Event "PRO League Group Stage"]
[Site "chess.com INT"]
[Date "2019.03.13"]
[Round "10"]
[White "Zhu, Jiner"]
[Black "Shlyakhtenko, Robert"]
[Result "1-0"]
[WhiteTitle "WIM"]
[WhiteElo "2424"]
[BlackElo "2190"]
[WhiteTeam "Dallas Destiny"]
[BlackTeam "San Diego Surfers"]
[WhiteFideId "8608059"]
[BlackFideId "30936934"]
[EventDate "2019.01.08"]

1. e4 c5 2. Nf3 e6 3. d4 cxd4 4. Nxd4 a6 5. g3 Nf6 6. Bg2 Qc7 7. Nc3 b5 8. O-O
Bb7 9. Re1 Bb4 10. Bd2 Nc6 11. Ncxb5 axb5 12. Bxb4 Nxb4 13. Nxb5 Qb6 14. Nd6+
Ke7 15. Nxb7 e5 16. c3 Nxa2 17. Qb1 Qxb7 18. Rxa2 Rxa2 19. Qxa2 Ra8 20. Qb1 Qb3
21. Rd1 Rb8 22. Qd3 Rb6 23. Rd2 d6 24. Bf3 Nd7 25. Bd1 Nc5 26. Qe3 Qc4 27. f3 h6
28. b4 Nd7 29. Be2 Qb3 30. Bd1 Qc4 31. Kg2 Rc6 32. Rd3 Ra6 33. Be2 Ra2 34. Rd2
Qb3 35. Kf2 Ra1 36. Qd3 Qe6 37. c4 Qf6 38. c5 Ra8 39. Qxd6+ Kd8 1-0

[Event "PRO League Group Stage"]
[Site "chess.com INT"]
[Date "2019.03.13"]
[Round "10"]
[White "Aleskerov, Faik"]
[Black "Tang, Andrew"]
[Result "1/2-1/2"]
[BlackTitle "GM"]
[WhiteElo "2315"]
[BlackElo "2487"]
[WhiteTeam "San Jose Hackers"]
[BlackTeam "Minnesota Blizzard"]
[WhiteFideId "13401262"]
[BlackFideId "2059630"]
[EventDate "2019.01.08"]

1. e4 e5 2. Nf3 Nc6 3. d4 exd4 4. Bc4 Nf6 5. O-O Nxe4 6. Re1 d5 7. Bxd5 Qxd5 8.
Nc3 Qa5 9. Nxe4 Be6 10. Neg5 O-O-O 11. Nxe6 fxe6 12. Rxe6 Qd5 13. Qe2 Bd6 14.
Bg5 Rdf8 15. Re1 b6 16. Bh4 Kb7 17. Bg3 Bxg3 18. hxg3 Rd8 19. a3 h6 20. b4 a6
21. Qd3 Rd6 22. Rxd6 Qxd6 23. c3 dxc3 24. Qxc3 Qd7 25. a4 Rd8 26. b5 axb5 27.
axb5 Na7 28. Ne5 Nxb5 29. Qb3 Qd5 30. Qa4 Nc3 31. Qa1 Qd2 32. Nf3 Qc2 33. Kh2
Ra8 34. Qc1 Qxc1 35. Rxc1 Ne4 36. Rc2 Rd8 37. Re2 Nc5 38. g4 Nd3 39. g5 Rd6 40.
Re7 Rg6 41. Kg3 hxg5 42. Nd4 Nc5 43. Nb5 Rc6 44. Rxg7 Ne6 45. Re7 Rc5 46. Nd6+
Kc6 47. Ne8 Re5 48. Nxc7 Kd6 49. Rxe6+ Rxe6 50. Nxe6 Kxe6 51. Kf3 Kd5 52. Ke3 g4
53. Kd3 b5 54. f3 g3 55. Kc3 Kc5 56. Kd3 b4 57. Kd2 Kd4 58. Kc2 Ke3 59. Kb3 Kf2
60. f4 Kxg2 61. f5 Kh2 62. f6 g2 63. f7 g1=Q 64. f8=Q Qb1+ 65. Ka4 b3 66. Qh6+
Kg2 67. Qg5+ Kf2 68. Qf6+ Ke2 69. Qe6+ Kd2 70. Qxb3 Qxb3+ 71. Kxb3 1/2-1/2

[Event "PRO League Group Stage"]
[Site "chess.com INT"]
[Date "2019.03.13"]
[Round "10"]
[White "Mikhalevski, Victor"]
[Black "Xu, Xiangyu"]
[Result "1-0"]
[WhiteTitle "GM"]
[BlackTitle "GM"]
[WhiteElo "2581"]
[BlackElo "2567"]
[WhiteTeam "Seattle Sluggers"]
[BlackTeam "Chengdu Pandas"]
[WhiteFideId "2801914"]
[BlackFideId "8608288"]
[EventDate "2019.01.08"]

1. Nf3 d5 2. d4 Nf6 3. c4 dxc4 4. e3 e6 5. Bxc4 c5 6. O-O Nc6 7. dxc5 Qxd1 8.
Rxd1 Bxc5 9. b3 a6 10. Bb2 b5 11. Be2 Bb7 12. Nbd2 Be7 13. a4 bxa4 14. bxa4 O-O
15. Rab1 Rab8 16. Ne5 Rfc8 17. Ndc4 Ba8 18. a5 Nxe5 19. Bxe5 Rxb1 20. Rxb1 Be4
21. Ra1 Rd8 22. Bd4 Nd5 23. f3 Bc2 24. Na3 Bb3 25. Nc4 Nb4 26. Rb1 Bc2 27. Rb2
f6 28. Nb6 Bd3 29. Kf2 e5 30. Bc3 Bxe2 31. Kxe2 Nc6 32. Na4 Rc8 33. Rb6 Nxa5 34.
Bxa5 Rc2+ 35. Bd2 a5 36. Rb2 Rc4 37. Nb6 Rc5 38. Ra2 Bd8 39. Na4 Rb5 40. Rb2 Rd5
41. Rb7 h5 42. Bc3 Kh7 43. e4 Rd6 44. Rb5 Rc6 45. Kd3 Ra6 46. Kc4 Rd6 47. Rd5
Rc6+ 48. Kb5 Rc8 49. Rd2 Rb8+ 50. Kc6 Be7 51. Bxa5 Rc8+ 52. Kd7 Ra8 53. Kxe7
Rxa5 54. Nc3 Kg6 55. Nd5 h4 56. h3 Kg5 57. Rc2 Ra7+ 58. Kd6 Ra6+ 59. Kc5 Ra4 60.
Rd2 g6 61. Kb5 Ra1 62. Kc4 Ra3 63. Kb4 Ra1 64. Kc3 f5 65. Kd3 Re1 66. Re2 Rd1+
67. Ke3 Rd4 68. Ra2 Rc4 69. Rb2 Ra4 70. Nb4 Ra3+ 71. Nd3 1-0

[Event "PRO League Group Stage"]
[Site "chess.com INT"]
[Date "2019.03.13"]
[Round "10"]
[White "Li, Di"]
[Black "Margvelashvili, Giorgi"]
[Result "1/2-1/2"]
[WhiteTitle "IM"]
[BlackTitle "GM"]
[WhiteElo "2488"]
[BlackElo "2530"]
[WhiteTeam "Chengdu Pandas"]
[BlackTeam "Seattle Sluggers"]
[WhiteFideId "8607508"]
[BlackFideId "13602926"]
[EventDate "2019.01.08"]

1. d4 Nf6 2. c4 e6 3. Nf3 Bb4+ 4. Bd2 Qe7 5. g3 Bxd2+ 6. Qxd2 Nc6 7. Nc3 d5 8.
Bg2 dxc4 9. O-O O-O 10. e4 a6 11. e5 Nd5 12. Ne4 b5 13. b3 cxb3 14. axb3 Ncb4
15. Rfc1 Bb7 16. Nc5 Rfb8 17. Ra5 Bc8 18. Ng5 h6 19. Nge4 Nc6 20. Raa1 a5 21. f4
Ncb4 22. Qf2 a4 23. bxa4 bxa4 24. g4 a3 25. g5 h5 26. f5 exf5 27. Nf6+ gxf6 28.
gxf6 Qf8 29. Bxd5 Nxd5 30. Qg2+ Kh8 31. Qxd5 Ra5 32. Qf3 Qg8+ 33. Kh1 Qg4 34.
Rxa3 Rxa3 35. Qxa3 Qxd4 36. Qf3 Qg4 37. Qd5 Be6 38. Nxe6 fxe6 39. Qc6 Rg8 40. f7
Rf8 41. Qxe6 Qf3+ 42. Kg1 Qe3+ 43. Kg2 Qd2+ 44. Kf3 Qxc1 45. Qf6+ Kh7 46. Qxf5+
Kg7 47. Qf6+ Kh7 48. Qf5+ Kg7 49. Qf6+ Kh7 50. Qf5+ 1/2-1/2

[Event "PRO League Group Stage"]
[Site "chess.com INT"]
[Date "2019.03.13"]
[Round "10"]
[White "Mayer, Jacob"]
[Black "Zhai, Mo"]
[Result "0-1"]
[BlackTitle "WGM"]
[WhiteElo "1737"]
[BlackElo "2365"]
[WhiteTeam "Seattle Sluggers"]
[BlackTeam "Chengdu Pandas"]
[WhiteFideId "30925002"]
[BlackFideId "8600201"]
[EventDate "2019.01.08"]

1. e4 c6 2. d3 d5 3. Nd2 g6 4. g3 Bg7 5. Bg2 Nf6 6. e5 Ng4 7. d4 c5 8. c3 Nc6 9.
Ngf3 O-O 10. O-O cxd4 11. cxd4 f6 12. h3 Nh6 13. Nb3 a5 14. Re1 fxe5 15. Nxe5
Nf5 16. Nxc6 bxc6 17. Bg5 h6 18. Be3 Qb6 19. a4 Rb8 20. Nc5 Qxb2 21. Rb1 Qxb1
22. Qxb1 Rxb1 23. Rxb1 Bxd4 24. Bxd4 Nxd4 25. Nb7 Ne2+ 26. Kh2 Nc3 27. Rb3 d4
28. Nxa5 c5 29. Nc6 Nxa4 30. Nxe7+ Kg7 31. Bd5 Rxf2+ 32. Kg1 Rf8 33. Nxc8 Rxc8
34. Rb7+ Kh8 35. Bc4 Rd8 36. Kf2 d3 37. Bb3 Nc3 38. Rb6 Ne4+ 39. Ke3 Nd6 40. Kd2
c4 41. Bd1 Ne4+ 42. Ke3 Nc3 43. Bf3 Nd5+ 44. Bxd5 Rxd5 45. Kd2 Kg7 46. Kc3 d2
47. Rb7+ Kf6 48. Rb6+ Kf5 49. g4+ Kg5 50. h4+ Kxh4 0-1

[Event "PRO League Group Stage"]
[Site "chess.com INT"]
[Date "2019.03.13"]
[Round "10"]
[White "Sarana, Alexey"]
[Black "Brown, Michael William"]
[Result "1-0"]
[WhiteTitle "GM"]
[BlackTitle "IM"]
[WhiteElo "2630"]
[BlackElo "2524"]
[WhiteTeam "Australia Kangaroos"]
[BlackTeam "San Diego Surfers"]
[WhiteFideId "24133795"]
[BlackFideId "2037602"]
[EventDate "2019.01.08"]

1. d4 d5 2. Nf3 Nf6 3. c4 e6 4. Nc3 Bb4 5. Bg5 Nbd7 6. e3 c5 7. cxd5 exd5 8. Bd3
Qa5 9. O-O Bxc3 10. bxc3 c4 11. Bf5 Qxc3 12. Bxf6 Nxf6 13. Qa4+ Ke7 14. Bxc8
Rhxc8 15. Rab1 b6 16. Ne5 Kf8 17. Rfc1 Qa5 18. Qxa5 bxa5 19. Rb7 Rab8 20. Rxf7+
Kg8 21. Rxa7 Rb2 22. Rxa5 Rcb8 23. h3 h5 24. a4 h4 25. Rb5 R8xb5 26. axb5 Ne4
27. Ng6 c3 28. Ne7+ Kf7 29. Nxd5 c2 30. Kh2 Nxf2 31. Nf4 Nd1 32. Nd3 Rxb5 33.
Ne5+ Ke6 34. Nc4 Rb4 35. Rxc2 Kd5 36. Rd2 Nc3 37. Ne5 Ke4 38. Ng4 Rb1 39. d5 Rb8
40. d6 Rd8 41. Rd4+ Kf5 42. Nf2 g5 43. Nd3 Ne4 44. d7 Nf6 45. Nc5 Ke5 46. g3
hxg3+ 47. Kxg3 Kf5 48. Kf3 Ke5 49. Ke2 Kf5 50. Kd3 Ke5 51. Kc4 Nxd7 52. Nxd7+
Kf5 53. Nc5 Rh8 54. Rd5+ Kg6 55. Ne4 Rxh3 56. Rxg5+ Kh6 57. Kd4 Rh1 58. Rd5 1-0

[Event "PRO League Group Stage"]
[Site "chess.com INT"]
[Date "2019.03.13"]
[Round "10"]
[White "Bryant, John Daniel"]
[Black "Smirnov, Anton"]
[Result "1-0"]
[WhiteTitle "IM"]
[BlackTitle "GM"]
[WhiteElo "2449"]
[BlackElo "2569"]
[WhiteTeam "San Diego Surfers"]
[BlackTeam "Australia Kangaroos"]
[WhiteFideId "2031280"]
[BlackFideId "3208923"]
[EventDate "2019.01.08"]

1. e4 c5 2. c3 d5 3. exd5 Qxd5 4. d4 Nf6 5. Nf3 Bg4 6. Nbd2 cxd4 7. Bc4 Bxf3 8.
Bxd5 Bxd5 9. O-O dxc3 10. bxc3 e6 11. c4 Bc6 12. Nf3 Be7 13. Ne5 O-O 14. Nxc6
Nxc6 15. Be3 Rfd8 16. Qf3 Rdc8 17. c5 Nd5 18. Rfd1 Rd8 19. g3 Rd7 20. h4 Rc8 21.
Rac1 Bf6 22. h5 h6 23. Kg2 Rcd8 24. Kh3 Ne5 25. Qh1 Nc6 26. Qe1 Bb2 27. Rb1 Bf6
28. Rdc1 Ne5 29. Rd1 Nc4 30. Rbc1 Ne5 31. Qf1 Nc6 32. Kh2 Bb2 33. Rb1 Bf6 34.
Rd3 Ne5 35. Rdb3 Nf3+ 36. Kh3 Nxe3 37. fxe3 Nd2 38. Qh1 Rd5 39. g4 Rxc5 40. Rxb7
Nxb1 41. Qxb1 Rc3 42. Rb8 Rxe3+ 43. Kg2 Re2+ 44. Kf3 Rd2 45. Rxd8+ Rxd8 46. Qb7
Bd4 47. a4 e5 48. a5 Re8 49. Ke4 Re6 50. Qc8+ Kh7 51. Qd7 Rf6 52. Kd5 g6 53. Qd8
Kg7 54. g5 Rf4 55. gxh6+ Kxh6 56. Qh8+ Kg5 57. h6 Rh4 58. h7 f5 59. Qd8+ Kg4 60.
Qxh4+ Kxh4 61. h8=Q+ Kg4 62. Qh2 f4 63. Qg2+ Kf5 64. Qh3+ Kg5 65. Ke4 Kf6 66.
Qg4 Bf2 67. Qf3 Bd4 68. Qg2 Be3 69. Qg4 Bf2 70. Kd5 Bd4 71. Kd6 Kf7 72. Qh4 f3
73. Qe7+ Kg8 74. Qf6 f2 75. Qxg6+ Kh8 76. Qf6+ Kg8 77. Ke6 e4 78. Qg6+ Kh8 79.
Qh5+ Kg7 80. Qg4+ Kh6 81. Qh3+ Kg5 82. Qg3+ Kh5 83. Qh3+ Kg5 84. Kd5 Bc5 85.
Kxe4 Kf6 86. Qf5+ Kg7 87. Kd5 Be3 88. Ke6 Bd4 89. Qg4+ Kf8 90. Qg2 Bc5 91. Qh3
Kg7 92. Qf3 Bd4 93. Qg4+ Kf8 94. Qxd4 f1=Q 95. Qh8# 1-0

[Event "PRO League Group Stage"]
[Site "chess.com INT"]
[Date "2019.03.13"]
[Round "10"]
[White "Fernandez, Daniel Howard"]
[Black "Hilby, Craig"]
[Result "0-1"]
[WhiteTitle "GM"]
[BlackTitle "IM"]
[WhiteElo "2465"]
[BlackElo "2445"]
[WhiteTeam "Australia Kangaroos"]
[BlackTeam "San Diego Surfers"]
[WhiteFideId "5801605"]
[BlackFideId "2062674"]
[EventDate "2019.01.08"]

1. Nf3 Nf6 2. c4 g6 3. Nc3 d5 4. cxd5 Nxd5 5. e4 Nxc3 6. dxc3 Qxd1+ 7. Kxd1 f6
8. Kc2 e5 9. Be3 Be6 10. Nd2 Nd7 11. Bc4 Kf7 12. Rad1 Rd8 13. Bxe6+ Kxe6 14. Nc4
Be7 15. Na5 Rb8 16. b4 Nb6 17. Rd3 Rhd8 18. Rhd1 Rxd3 19. Rxd3 a6 20. Bxb6 cxb6
21. Nc4 b5 22. Nb6 f5 23. exf5+ gxf5 24. Rh3 Rg8 25. g3 Rg7 26. Rh6+ Bf6 27. f3
e4 28. Kd2 exf3 29. Ke3 Ke5 30. Kxf3 Rc7 31. c4 bxc4 32. Rxf6 c3 33. Rf8 c2 34.
Re8+ Kd4 35. Rd8+ Ke5 36. Re8+ Kd6 37. Rd8+ Ke7 38. Rh8 c1=Q 39. Nd5+ Kd6 0-1

[Event "PRO League Group Stage"]
[Site "chess.com INT"]
[Date "2019.03.13"]
[Round "10"]
[White "Shlyakhtenko, Robert"]
[Black "Song, Raymond"]
[Result "0-1"]
[BlackTitle "FM"]
[WhiteElo "2190"]
[BlackElo "2329"]
[WhiteTeam "San Diego Surfers"]
[BlackTeam "Australia Kangaroos"]
[WhiteFideId "30936934"]
[BlackFideId "3203824"]
[EventDate "2019.01.08"]

1. e4 c6 2. d4 d5 3. exd5 cxd5 4. c4 Nf6 5. Nc3 g6 6. Nf3 Bg7 7. cxd5 Nxd5 8.
Bc4 Nxc3 9. bxc3 Qc7 10. Bb3 Qxc3+ 11. Bd2 Qd3 12. Bc2 Qa6 13. Bg5 O-O 14. Bd3
Qe6+ 15. Be3 b6 16. O-O Bb7 17. Re1 Qd7 18. Ne5 Qd5 19. f3 Qd6 20. Qb3 Nc6 21.
Nxc6 Bxc6 22. Rad1 e6 23. Be4 Rfd8 24. Kh1 Bd5 25. Qb5 a6 26. Qb1 Rac8 27. Bg5
f6 28. Bh4 b5 29. Bg3 Qb6 30. Qb4 Bf8 31. Qd2 Rc4 32. Qf4 Bg7 33. Qe3 Kf7 34.
Bd3 Rc6 35. Bh4 Bxa2 36. f4 Rcd6 37. Qh3 Bc4 38. Bf2 Bxd3 39. Rxd3 Qc6 40. Rde3
Qd5 41. Bg3 Qf5 42. Qh4 h5 43. Rc3 Rxd4 44. Bf2 Rxf4 45. Rc7+ Kg8 46. Qg3 Rxf2
47. Rxg7+ Kxg7 48. Qc7+ Kh6 49. h3 Rdd2 50. Qb8 Rf1+ 51. Kh2 Rxg2+ 52. Kxg2 Qf2# 0-1

[Event "PRO League Group Stage"]
[Site "chess.com INT"]
[Date "2019.03.13"]
[Round "10"]
[White "Corrales Jimenez, Fidel"]
[Black "Naroditsky, Daniel"]
[Result "1-0"]
[WhiteTitle "GM"]
[BlackTitle "GM"]
[WhiteElo "2559"]
[BlackElo "2616"]
[WhiteTeam "Minnesota Blizzard"]
[BlackTeam "San Francisco Mechanics"]
[WhiteFideId "3506690"]
[BlackFideId "2026961"]
[EventDate "2019.01.08"]

1. e4 g6 2. d4 Bg7 3. f4 c5 4. dxc5 Qa5+ 5. c3 Qxc5 6. Bd3 d6 7. Qe2 Nf6 8. Be3
Qc7 9. h3 Nbd7 10. Nf3 O-O 11. Nbd2 Nc5 12. Bc2 b6 13. O-O Bb7 14. Bd4 Ne6 15.
Qe3 Bh6 16. Ng5 Nxd4 17. Qxd4 e5 18. fxe5 dxe5 19. Qe3 Nh5 20. Bb3 Nf4 21. Ndf3
Kh8 22. Kh2 Qe7 23. g3 Bxg5 24. Nxg5 Qxg5 25. gxf4 exf4 26. Rxf4 Rae8 27. Raf1
f6 28. Qd4 Rd8 29. h4 Qh5 30. Qe3 g5 31. Qf3 Qh6 32. Rxf6 Qxh4+ 33. Kg1 Rfe8 34.
Rf7 g4 35. Qf4 Bxe4 36. Rf8+ Rxf8 37. Qe5+ Rf6 38. Rxf6 Qe1+ 39. Kh2 Qh1+ 40.
Kg3 Rd3+ 41. Rf3# 1-0

[Event "PRO League Group Stage"]
[Site "chess.com INT"]
[Date "2019.03.13"]
[Round "10"]
[White "Zierk, Steven"]
[Black "Henriquez Villagra, Cristobal"]
[Result "0-1"]
[WhiteTitle "GM"]
[BlackTitle "GM"]
[WhiteElo "2510"]
[BlackElo "2504"]
[WhiteTeam "San Francisco Mechanics"]
[BlackTeam "Minnesota Blizzard"]
[WhiteFideId "2034255"]
[BlackFideId "3409350"]
[EventDate "2019.01.08"]

1. d4 Nf6 2. Bf4 g6 3. e3 Bg7 4. h3 O-O 5. Nf3 d6 6. Be2 b6 7. c4 Bb7 8. Nc3
Nbd7 9. O-O Ne4 10. Nxe4 Bxe4 11. Nd2 Bb7 12. Bf3 Qc8 13. Bh2 c5 14. Bxb7 Qxb7
15. Nf3 Rfc8 16. Qe2 Nf6 17. d5 b5 18. b3 bxc4 19. bxc4 Rab8 20. e4 Qb2 21. Qxb2
Rxb2 22. e5 Ne8 23. Rfe1 Rc2 24. Rab1 Rxc4 25. Rb7 Bf8 26. exd6 exd6 27. Ng5 Nc7
28. Rxa7 Rd4 29. Ne4 Nxd5 30. Nxd6 Bxd6 31. Bxd6 c4 32. Rc1 c3 33. Be5 Re4 34.
Bd6 c2 35. Kf1 Re6 36. Ba3 Nf4 37. Rd7 Ne2 38. Re1 c1=Q 39. Bxc1 Rxc1 40. Rxc1
Nxc1 41. a3 Ra6 42. Rd1 Nb3 43. Rd3 Rxa3 44. g3 Ra1+ 45. Kg2 Nc5 46. Rd5 Ne6 47.
Re5 Kg7 48. h4 h5 49. Rb5 Kf6 50. Rd5 Ra4 51. Rb5 Re4 52. Ra5 Re5 53. Ra3 Rf5
54. Rd3 Rc5 55. Rf3+ Ke7 56. Ra3 Rc2 57. Ra7+ Kf6 58. Ra4 Rd2 59. Ra6 Kg7 60.
Ra5 Nd4 61. Rd5 Nf3 62. Ra5 Ne1+ 63. Kg1 Nd3 64. Rd5 Rd1+ 65. Kg2 Nf4+ 0-1

[Event "PRO League Group Stage"]
[Site "chess.com INT"]
[Date "2019.03.13"]
[Round "10"]
[White "Tang, Andrew"]
[Black "Macieja, Bartlomiej"]
[Result "1-0"]
[WhiteTitle "GM"]
[BlackTitle "GM"]
[WhiteElo "2487"]
[BlackElo "2509"]
[WhiteTeam "Minnesota Blizzard"]
[BlackTeam "San Francisco Mechanics"]
[WhiteFideId "2059630"]
[BlackFideId "1104306"]
[EventDate "2019.01.08"]

1. d4 Nf6 2. Bf4 b6 3. e3 Bb7 4. Nf3 c5 5. Nc3 cxd4 6. exd4 e6 7. Bd3 Be7 8. O-O
O-O 9. Re1 a6 10. Qe2 b5 11. Ng5 h6 12. Nge4 Nxe4 13. Nxe4 Bxe4 14. Qxe4 f5 15.
Qxa8 Qb6 16. Qf3 Qxd4 17. Be5 Qb6 18. Qg3 Bf6 19. Bxf6 Rxf6 20. Rad1 f4 21. Qf3
Nc6 22. c3 d5 23. Re2 Qc7 24. Rde1 Qd6 25. Qh5 Kf8 26. Qg4 Kf7 27. h4 g6 28. Bb1
Nd8 29. Qf3 h5 30. Re5 Nc6 31. Rg5 e5 32. a3 e4 33. Bxe4 dxe4 34. Qxe4 Ne7 35.
Re5 Nf5 36. Qb7+ Kg8 37. Re8+ Rf8 38. R8e6 Qd2 39. Rxg6+ Kh8 40. Qe4 f3 41. Rg5
fxg2 42. Rxh5+ Kg7 43. Qg4+ 1-0